000 00602nam a22002057a 4500
005 20170124110247.0
010 _a919961
020 _c00.00
_a923101451
035 _a919961
037 _bCen Lib/Ret
040 _aDPL
_bEN
082 _a551.22
_bASS
245 _aThe assessment and mitigation of earthquake risk /
260 _aParis
_bUNESCO
_c1978
270 _bParis
_a7 place de Fontenoy
_e75700
300 _a341p.
_c21cm(Hb)
650 _aMitigation of earthquake
_997713
650 _aEconomic aspects -- Earht quake risk
_997714
942 _2ddc
_cEN
_h551.22
_mASS
999 _c135576
_d135576